The ISO Keyboard - Statistics

General Stats
  • This quiz has been taken 12 times
  • The average score is 16 of 26
Answers on the Map
Answers color-coded by a green-red scale on the quiz's map according to % correct below.
 
Answer Stats
Answer % Correct
S
75%
A
67%
D
67%
E
67%
G
67%
N
67%
Q
67%
W
67%
Y
67%
B
58%
C
58%
H
58%
L
58%
M
58%
P
58%
R
58%
T
58%
U
58%
V
58%
X
58%
Z
58%
F
50%
J
50%
K
50%
O
50%
I
42%
No matching quizzes found
Score Distribution
Percent of People with Each Score
Percentile by Number Answered
Your Score History
You have not taken this quiz